000 00413nam a2200157Ia 4500
008 131103s9999 xx 000 0 und d
040 _aLoreto College
041 _aEnglish
082 _a745/MAK
_bLCBED/8525
245 _aChristmas origami-4
_b wreaths and displays
_c1985
260 _aTokyo
_bfroebel-kan
_c1985
300 _a13p.
_b pic.
_c 20cm.
650 _aCarft
850 _aLCBED/745/MAK
942 _cBK
999 _c34136
_d84615